000 00917cab a2200241 4500
001 ABS46029
008 090401t1992 xxu||||| |||| 00| 0 eng d
035 _a(Sirsi) u56441
041 _aeng
100 _aPowell-Smith, V.
245 _aImportant guidance on negligence actions
260 _c1992
350 _a0
490 _aContract Journal
_v363 (5864) 12 March 1992, 9(1)
520 _aDiscusses claims for negligence action against construction professionals under the Defective Premises Act 1972, following "Thompson v Clive Alexander and Partners" 1992, alleging breach of S1(1) of the Act. The judge in this case referred to "Alexander v Mercouris" a 1972 decision.
650 _aBUILDING DEFECTS
650 _aCASE LAW
650 _aDEFECTIVE PREMISES ACT 1972 S1(1)
650 _aSCOTT SCHEDULES
690 _aBUILT ENVIRONMENT-BUILDING CONTRACT FORMS
942 _n0
948 _c04/03/1997
999 _c34419
_d34419